Представление документа в формате RUSMARC

ПолеНазваниеЗначение
  Тип записи a
  Библиографический уровень m
001 Контрольный номер RU/УОНБ/EK_Kray/395339130
005 Дата корректировки 20220817145747.5
100 Данные общей обработки __
a Данные общей обработки 20120711d2012 ||| 0rusy0189 ca
101 Язык документа 0_
a Язык текста rus
102 Страна публикации __
a Страна публикации RU
105 Кодированные данные (монография) __
a Кодированные данные (монография) y###||||000|y
200 Заглавие и сведения об ответственности 1_
a Заглавие № 3/4 (9/10)
210 Выходные данные __
d Дата издания 2008
461 Уровень набора _0
1 001RU/УОНБ/EK_Kray/395338735
1 2000
a Литературный Ульяновск
v № 3/4 (9/10)
686 Индексы других классификаций __
2 Код системы rubbk
801 Источник записи _0
a Страна RU
b Организация Ульяновская ОНБ
c Дата составления 20120711
g Правила каталогизации RCR
801 Источник записи _1
a Страна RU
b Организация Ульяновская ОНБ
c Дата составления 20120711
g Правила каталогизации RCR
856 Электронный адрес документа __
u Универсальный указатель ресурса (URL) http://simlib.ru/handle/123456789/1688
900 Электронные ресурсы __
a Имя электронного ресурса 2008_3_4
901 Тип документа __
t Тип документа s
w Контрольный № источника RU/УОНБ/EK_Kray/395338735
938 Служебная информация __
a Имя БД kraeved_work
b Имя библиотеки УОНБ
c Имя АИБС МАРК-SQL
d Номер DOC_ID в БД 89237